Agile talent
This book delivers that roadmap. It tells you how to assess, choose, attract, develop, support, and retain your external talent. Authored by thought leaders and bestselling authors in leadership and talent management who teach and consult globally, Agile Talent reveals how companies such as Apple, U...
Zapisane w:
| 1. autor: | |
|---|---|
| Format: | Książka |
| Język: | Undetermined |
| Wydane: |
Boston
Harvard Business Press
2016
|
| Hasła przedmiotowe: | |
| Etykiety: |
Dodaj etykietę
Nie ma etykietki, Dołącz pierwszą etykiete!
|
| Thư viện lưu trữ: | Trung tâm Học liệu Trường Đại học Cần Thơ |
|---|
| LEADER | 01074nam a2200193Ia 4500 | ||
|---|---|---|---|
| 001 | CTU_231327 | ||
| 008 | 210402s9999 xx 000 0 und d | ||
| 082 | |a 658.46 | ||
| 082 | |b Y78 | ||
| 100 | |a Younger, Jon | ||
| 245 | 0 | |a Agile talent | |
| 245 | 0 | |c Jon Younger, Norm Smallwood | |
| 260 | |a Boston | ||
| 260 | |b Harvard Business Press | ||
| 260 | |c 2016 | ||
| 520 | |a This book delivers that roadmap. It tells you how to assess, choose, attract, develop, support, and retain your external talent. Authored by thought leaders and bestselling authors in leadership and talent management who teach and consult globally, Agile Talent reveals how companies such as Apple, Uber, Airbnb, Google, IBM, and Bain Capital organize and manage new forms of talent in innovative ways. Supported by survey data and packed with tools and templates for applying these ideas, this book is the ultimate guide for winning the next war for talent. | ||
| 650 | |a Quản lý nhân sự,Personnel management | ||
| 910 | |b dqhieu | ||
| 980 | |a Trung tâm Học liệu Trường Đại học Cần Thơ | ||